| 000 | 01080nas a2200325 4500 | ||
|---|---|---|---|
| 001 | BR2021000264 | ||
| 003 | BR-BrBNA | ||
| 005 | 20231205132137.0 | ||
| 007 | ta | ||
| 008 | 230509b bl.|||p| |||| 00| 00por d | ||
| 040 |
_aBR-BrBNA _bpor _cBiblioteca Nacional de Agricultura |
||
| 041 | _a(Pt) | ||
| 072 | _aK10 | ||
| 100 | 1 | _aCruz, G. da S. | |
| 100 | 1 | _aGama, J.R.V. | |
| 100 | 1 | _aRibeiro, R.B. da S. | |
| 100 | 1 | _aSantos, L.E. dos | |
| 100 | 1 | _aMelo, L. de O. | |
| 100 | 1 | _aCoelho, A.A. | |
| 245 | 1 | _aEstrutura e valoração de Astrocaryum murumuru Mart. na região do estuário amazônico | |
| 650 | _aAMAZÔNIA | ||
| 650 | _aMURUMURU | ||
| 650 | _aPALMEIRA OLEAGINOSA | ||
| 650 | _aPRODUTO FLORESTAL | ||
| 773 | 0 |
_tNativa. Pesquisas Agrárias e Ambientais (Brazil) _xISSN 2318-7670 _g(Dec 2017), v. 5(special number) p. 581-587 _wBR2021000264 |
|
| 856 | 4 | 0 | _uhttps://periodicoscientificos.ufmt.br/ojs/index.php/nativa/article/view/5210/4724 |
| 856 | 4 | 0 | _dLink DSPACE/MAPA BR2021000264 |
| 909 |
_a202311 _bLúcia _c55 _dLúcia Elande |
||
| 942 |
_2AGRIS _n0 _cANA |
||
| 999 |
_c258717 _d258717 |
||